| 000 | 00000nam 2200000zi 4500 |
| 001 | 9.940584 |
| 003 | CaOODSP |
| 005 | 20241023102227 |
| 006 | m o d f |
| 007 | cr |n||||||||| |
| 008 | 240715t20242024onca o f000 0 eng d |
| 020 | |a9780660727868 |
| 040 | |aCaOODSP|beng|erda|cCaOODSP |
| 043 | |an-cn--- |
| 086 | 1 |aPS84-242/2024E-PDF |
| 245 | 00|aOffender management system modernization (OMS-M) : |bphase 2 final audit report. |
| 264 | 1|a[Ottawa] : |bCorrectional Service Canada, Internal Audit and Evaluation Sector, |cMarch 17, 2024. |
| 264 | 4|c©2024 |
| 300 | |a1 online resource (31 pages) : |billustrations |
| 336 | |atext|btxt|2rdacontent |
| 337 | |acomputer|bc|2rdamedia |
| 338 | |aonline resource|bcr|2rdacarrier |
| 500 | |aIssued also in French under title: Modernisation du système de gestion des délinquant(e)s (MSGD) : phase 2 - rapport final d'audit. |
| 610 | 20|aCorrectional Service Canada|xAuditing. |
| 650 | 0|aProject management|zCanada|xAuditing. |
| 650 | 0|aDatabase management|zCanada|xAuditing. |
| 710 | 2 |aCorrectional Service Canada, |eissuing body. |
| 710 | 2 |aSamson & Associates, |econsultant. |
| 775 | 08|tModernisation du système de gestion des délinquant(e)s (MSGD) : |w(CaOODSP)9.940585 |
| 856 | 40|qPDF|s647 KB|uhttps://publications.gc.ca/collections/collection_2024/scc-csc/PS84-242-2024-eng.pdf |
| 856 | 4 |qHTML|sN/A|uhttps://www.canada.ca/en/correctional-service/corporate/transparency/audits-evaluations/omsm-3-17-2024.html |